[Event "Balatonbereny op"]
[Site "Balatonbereny"]
[Date "1993.??.??"]
[Round "7"]
[White "Tolnai, Tibor"]
[Black "Petran, Pal"]
[Result "1/2-1/2"]
[WhiteElo "2490"]
[BlackElo "2440"]

1.c4 e5 2.g3 Nc6 3.Bg2 g6 4.Nc3 Bg7 5.Nf3 f5 6.d3 Nf6 7.O-O O-O 8.Rb1 a5
9.a3 d6 10.b4 axb4 11.axb4 Ne7 12.Qb3 h6 13.c5+ Kh7 14.b5 Nd7 15.cxd6 cxd6
16.Ba3 Nc5 17.Bxc5 dxc5 18.Ra1 Ra5 19.Qc2 Bd7 20.Nd2 e4 21.dxe4 Rxa1 22.Rxa1 Bxb5
23.Rb1 Ba6 24.Nd5 Nxd5 25.exd5 Qe7 26.e3 b5 27.Nb3 c4 28.Na5 Qc5 29.Nc6  1/2-1/2

[Event "Balkaniad (Women)"]
[Site "?"]
[Date "1993.??.??"]
[Round "5"]
[White "Chilingirova, Pavlina"]
[Black "Stanciu, Gabriela"]
[Result "0-1"]
[WhiteElo "2265"]
[BlackElo "2215"]

1.c4 e5 2.g3 Nc6 3.Bg2 g6 4.Nc3 Bg7 5.d3 f5 6.e3 Nf6 7.Nge2 O-O 8.O-O Ne7
9.f4 d6 10.b3 c6 11.Qd2 Be6 12.Bb2 exf4 13.gxf4 Bf7 14.Nd4 h6 15.Nf3 Qb6
16.Rfe1 Rad8 17.Na4 Qc7 18.c5 b5 19.cxb6 axb6 20.Bd4 c5 21.Rac1 Bd5 22.Bb2 Qb7
23.Nh4 Bxg2 24.Qxg2 Qxg2+ 25.Nxg2 b5 26.Nc3 Nfd5 27.Nxd5 Nxd5 28.Bxg7 Kxg7
29.a3 Ra8 30.Ra1 Rf7 31.b4 cxb4 32.axb4 Rxa1 33.Rxa1 Nxb4 34.d4 Nd5 35.Kf2 b4
36.Rb1 Rc7 37.Rb2 Rc3 38.Ke2 b3 39.Kd2 Kf6 40.h4 Ke6 41.h5 gxh5 42.Ke2 h4
43.Nxh4 Rc2+ 44.Rxc2 bxc2 45.Kd2 Nxe3 46.Nf3 Kd5 47.Ne1 Kxd4 48.Nd3 h5 49.Nf2 h4
50.Kc1 Ng4 51.Nh3 Kd3 52.Ng1 Nf2 53.Nf3 Kc3  0-1

[Event "Oberliga Bayern9394"]
[Site "Bayern"]
[Date "1993.??.??"]
[Round "?"]
[White "Mandl, Robert"]
[Black "Smejkal, Jan"]
[Result "1/2-1/2"]
[WhiteElo "2420"]
[BlackElo "2515"]

1.c4 e5 2.g3 Nf6 3.Bg2 d5 4.cxd5 Nxd5 5.Nc3 Nb6 6.Nf3 Nc6 7.O-O Be7 8.d3 O-O
9.Be3 Re8 10.Na4 Bf8 11.Rc1 e4 12.Ne1 Bg4 13.Nc5 Bxc5 14.Rxc5 Nd4 15.Bxd4 Qxd4
16.Rxc7 Qxb2 17.Rc2 Qd4 18.h3 Bh5 19.Rd2 e3 20.Nc2 exf2+ 21.Rxf2 Qd7 22.g4 Bg6
23.e4 Rac8 24.Qa1 Red8 25.Qe5 Qd6 26.Qg5 f6 27.Qe3 Rc3 28.Bf1 Qe5 29.Qf4 Qxf4
30.Rxf4 Nc4 31.Rdf2 Ne5 32.Nb4 Bf7 33.Rb2 Rc1 34.Kg2 a5 35.Nd5 Bxd5 36.exd5 Rxd5
37.Rxb7 Rc2+ 38.Rf2 Rxf2+ 39.Kxf2 Nxd3+ 40.Ke3 Ne5 41.Ra7 Kf8 42.a4 Nc6 43.Ra8+ Ke7
44.Bb5 Kd6 45.Ra6  1/2-1/2

[Event "JUG-chT2"]
[Site "Becici"]
[Date "1993.??.??"]
[Round "5"]
[White "Bykhovsky, Avigdor"]
[Black "Sekulic, Vlatko"]
[Result "1-0"]
[WhiteElo "2520"]
[BlackElo "2315"]

1.c4 e5 2.g3 g6 3.Bg2 Bg7 4.Nc3 d6 5.e3 Nh6 6.Nge2 O-O 7.O-O f5 8.d4 Nd7
9.b3 Nf7 10.dxe5 dxe5 11.Ba3 Re8 12.e4 f4 13.Qd3 c6 14.Rad1 Qa5 15.Nb1 Nf6
16.Qc3 Qc7 17.c5 g5 18.f3 h5 19.Bc1 Qe7 20.Kh1 g4 21.Bb2 h4 22.gxh4 Nh5 23.fxg4 Bxg4
24.Bf3 Qxh4 25.Rg1 Nf6 26.Nxf4 Bxf3+ 27.Qxf3 exf4 28.Qg2 Qh6 29.Qxg7+ Qxg7
30.Bxf6 Qxg1+ 31.Rxg1+ Kf8 32.Bg7+ Ke7 33.Nd2 Rad8 34.Nc4 Rd3 35.e5 f3 36.h4 Ke6
37.Bf6 Nh6 38.Nd6 f2 39.Nxe8 Ng4 40.Rf1 Rd2 41.Ng7+ Kf7 42.Bg5 Rxa2 43.Nf5 Ke6
44.Nd6 b6 45.cxb6 axb6 46.Kg2 Rb2 47.Ne4 Rxb3 48.Nxf2 Nxe5 49.h5 Rb2 50.h6 Kf5
51.h7 Nf7 52.Kg1 Kg6 53.Nd3 Rb5 54.Rxf7 Rxg5+ 55.Kf2 Rh5 56.Nf4+  1-0

[Event "Belgrade Beopromet"]
[Site "Belgrade"]
[Date "1993.??.??"]
[Round "11"]
[White "Vaulin, Alexander"]
[Black "Nestorovic, Dejan"]
[Result "1-0"]
[WhiteElo "2515"]
[BlackElo "2350"]

1.c4 e5 2.g3 Nc6 3.Bg2 f5 4.Nc3 Nf6 5.e3 g6 6.d4 d6 7.Nge2 Bg7 8.Bxc6+ bxc6
9.dxe5 dxe5 10.Qxd8+ Kxd8 11.b3 Ke7 12.Ba3+ Kf7 13.Rd1 Bd7 14.O-O Rhd8 15.Na4 Be6
16.Nc5 Bf8 17.Nc3 f4 18.Nxe6 Kxe6 19.Bxf8 Rxd1 20.Rxd1 Rxf8 21.exf4 exf4
22.Ne2 fxg3 23.hxg3 Rf7 24.Nd4+ Kd6 25.Nf3+ Kc5 26.Ne5 Re7 27.b4+ Kb6 28.f4 c5
29.b5 Re6 30.Rd8 Re8 31.Rd3 Ra8 32.Kg2 Ka5 33.Kf3 Kb4 34.g4 Ne8 35.Rb3+ Ka4
36.Rd3 Nd6 37.Rd5 Kb4 38.a3+ Kxa3 39.Rxc5 Rc8 40.Nc6 Ra8 41.g5 Nb7 42.Re5 Nd6
43.Re7  1-0

[Event "Benasque op"]
[Site "Benasque"]
[Date "1993.??.??"]
[Round "4"]
[White "Lalic, Bogdan"]
[Black "Gil Gonzales, Jose Manuel"]
[Result "1-0"]
[WhiteElo "2520"]
[BlackElo "2355"]

1.c4 e5 2.g3 c6 3.d4 d6 4.Nc3 Nd7 5.Nf3 Ngf6 6.Bg2 Be7 7.O-O O-O 8.e4 Qc7
9.Be3 a6 10.d5 cxd5 11.Nxd5 Nxd5 12.cxd5 Nf6 13.Qd3 b5 14.Rfc1 Qb7 15.Rc6 Qd7
16.Rac1 Ne8 17.Bb6 Bd8 18.Qe3 Bb7 19.R6c2 Qe7 20.Bh3 g6 21.Bxd8 Qxd8 22.Qh6 Qf6
23.Kg2 a5 24.Bd7 b4 25.Bxe8 Raxe8 26.Rc7 Bc8 27.R1c6 Rd8 28.Ra7 Rd7 29.Rxc8  1-0

[Event "Benidorm op"]
[Site "Benidorm"]
[Date "1993.??.??"]
[Round "4"]
[White "Chernin, Alexander"]
[Black "Gomez, Deltel Nazario"]
[Result "1-0"]
[WhiteElo "2600"]
[BlackElo "2215"]

1.c4 e5 2.g3 f5 3.Bg2 Nf6 4.Nc3 Bb4 5.Qc2 O-O 6.a3 Bxc3 7.Qxc3 d6 8.d3 Kh8
9.b4 c6 10.Nf3 Na6 11.O-O Nc7 12.Bb2 Qe8 13.Qd2 Be6 14.Ng5 f4 15.c5 Bd5 16.cxd6 Ne6
17.Nf3 Qh5 18.e4 fxe3 19.fxe3 e4 20.Nh4 Ng5 21.Bxf6 gxf6 22.Qc3 Kg8 23.dxe4 Nxe4
24.Qd3 Qe5 25.Nf5 Rad8 26.Rad1 Kh8 27.Rf4 Nc3 28.Rdf1 Bxg2 29.Kxg2 Nd5 30.Re4 Qb2+
31.Rf2 Qc1 32.Rh4 Rd7 33.e4 Nc7 34.e5 Ne6 35.Ne7 Ng5 36.Ng6+  1-0

[Event "Berga op"]
[Site "Berga"]
[Date "1993.??.??"]
[Round "7"]
[White "Suba, Mihai"]
[Black "Solozhenkin, Evgeniy"]
[Result "1-0"]
[WhiteElo "2500"]
[BlackElo "2515"]

1.c4 e5 2.g3 Nf6 3.Bg2 d5 4.cxd5 Nxd5 5.Nc3 Nb6 6.Nf3 Nc6 7.O-O Be7 8.a3 O-O
9.b4 Be6 10.Rb1 f6 11.d3 Qd7 12.Ne4 Nd5 13.Bb2 a6 14.Rc1 Rfd8 15.Rc2 Nb6
16.Qb1 Na4 17.Rfc1 Rac8 18.Ba1 a5 19.Neg5 axb4 20.Nxe6 Qxe6 21.axb4 Nxb4
22.Rc4 c5 23.Qb3 b5 24.Rxb4 c4 25.Rbxc4 bxc4 26.Qxa4 cxd3 27.Rxc8 Rxc8 28.exd3 Qc6
29.Qb3+ Kh8 30.Bxe5 fxe5 31.Nxe5 Qc1+ 32.Bf1 g6 33.Qe6 Qc7 34.d4 Rf8 35.Nd7 Rd8
36.Qxe7  1-0

[Event "Berliner Sommer"]
[Site "Berlin"]
[Date "1993.??.??"]
[Round "?"]
[White "Lerner, Konstantin Z"]
[Black "Agrest, Evgenij"]
[Result "1-0"]
[WhiteElo "2530"]
[BlackElo "2465"]

1.c4 e5 2.g3 d6 3.Nc3 f5 4.d4 Nc6 5.dxe5 dxe5 6.Qxd8+ Nxd8 7.Nf3 e4 8.Nd4 c6
9.f3 exf3 10.exf3 Nf7 11.Bf4 Bd7 12.O-O-O O-O-O 13.c5 Bxc5 14.Bc4 Bxd4 15.Rxd4 Ngh6
16.h4 Rhf8 17.Kb1 b5 18.Bb3 a6 19.a4 Be8 20.Be6+ Kb7 21.Rhd1 Rxd4 22.Rxd4 c5
23.Rd5 b4 24.Rxc5 Bc6 25.Nd5 Nd8 26.Bd7 Rf7 27.Bxc6+ Nxc6 28.Ne3 Nd4 29.Rc4 Nc6
30.Nc2 a5 31.Nd4 Nxd4 32.Rxd4 Ng8 33.Rd5 Ka6 34.Bg5 Nf6 35.Rxf5 h6 36.Bxf6 gxf6
37.g4 b3 38.Rb5 f5 39.g5 hxg5 40.hxg5 Rh7 41.Rxb3 Rh3 42.Rc3 f4 43.g6 Rg3
44.g7 Rxg7 45.Rc4 Rf7 46.Kc2 Rf8 47.b4 axb4 48.Rxb4 Ka5 49.Rc4 Kb6 50.Kd3 Re8
51.Rxf4 Kc5 52.Re4 Rh8 53.Re5+ Kd6 54.Ke4 Rh1 55.f4 Ra1 56.a5 Ra4+ 57.Kf5 Kd7
58.Kg5 Kd6 59.Re1 Rxa5+ 60.f5 Kd7  1-0

[Event "Bern op"]
[Site "Bern"]
[Date "1993.??.??"]
[Round "2"]
[White "Blum, Gernot"]
[Black "Conquest, Stuart"]
[Result "0-1"]
[WhiteElo "2235"]
[BlackElo "2495"]

1.c4 e5 2.g3 Nc6 3.Bg2 f5 4.Nc3 Nf6 5.a3 g6 6.d3 Bg7 7.Nf3 O-O 8.O-O d6 9.Rb1 h6
10.b4 g5 11.b5 Ne7 12.c5 g4 13.cxd6 cxd6 14.Qb3+ Kh7 15.Nd2 d5 16.b6 a6 17.Na4 h5
18.Nc5 h4 19.Bb2 Nh5 20.e4 f4 21.Rfc1 fxg3 22.fxg3 hxg3 23.exd5 gxh2+ 24.Kh1 Ng3+
25.Kxh2 Ng6 26.Qd1 Qh4+ 27.Kg1 Nf4 28.Be4+ Bf5 29.Bg2 Nfe2+  0-1

[Event "Bern op"]
[Site "Bern"]
[Date "1993.??.??"]
[Round "6"]
[White "Blum, Gernot"]
[Black "Tukmakov, Vladimir B"]
[Result "0-1"]
[WhiteElo "2235"]
[BlackElo "2605"]

1.c4 e5 2.g3 Nf6 3.Bg2 d5 4.cxd5 Nxd5 5.Nf3 Nc6 6.Nc3 Nb6 7.O-O Be7 8.a3 O-O
9.d3 Re8 10.Be3 Bf8 11.h3 Nd4 12.Kh2 c6 13.b4 h6 14.Rb1 a5 15.bxa5 Rxa5 16.a4 Ra6
17.Nd2 Be6 18.Nc4 Nxc4 19.dxc4 Re7 20.Ne4 Rd7 21.Bxd4 Rxd4 22.Qc2 Rxc4 23.Qb2 Raxa4
24.Qxe5 Ra5 25.Qb2 Rb5 26.Qa1 Rxb1 27.Rxb1 b5 28.Rd1 Qb8 29.Qa5 Bd5 30.Nd2 Ra4
31.Qc3 Bxg2 32.Kxg2 c5 33.e4 Rd4 34.Ra1 b4 35.Qc2 Qb7 36.f3 Qb5 37.Nb3 Rd8  0-1

[Event "Biel op"]
[Site "Biel"]
[Date "1993.??.??"]
[Round "3"]
[White "Hickl, Joerg"]
[Black "Schmittdiel, Eckhard"]
[Result "1/2-1/2"]
[WhiteElo "2570"]
[BlackElo "2410"]

1.g3 e5 2.c4 Nf6 3.Bg2 c6 4.d4 exd4 5.Qxd4 d5 6.Nf3 Na6 7.O-O Nb4 8.Qd1 dxc4
9.Qxd8+ Kxd8 10.Na3 Bc5 11.Nxc4 Be6 12.b3 Ke7 13.a3 Nc2 14.Ra2 Nd4 15.Nxd4 Bxd4
16.Bd2 Rhd8 17.Bb4+ c5 18.Ba5 b6 19.Bxa8 Rxa8 20.Bd2 Ne4 21.e3 Bf6 22.f3 Nd6
23.Rc2 Rd8 24.Bc3 Nxc4 25.bxc4 Rd3 26.Rfc1 Rxe3 27.Kf2 Bd4 28.Bxd4 cxd4 29.Rd1 Rxa3
30.Rxd4 Ra4 31.Ke3 Ra3+ 32.Kf2 Ra4 33.Re4 Ra5 34.g4 g5 35.Rc3 Kf6 36.h3 Rc5
37.Ra3 a5 38.Ra4 Bd7 39.Ra2 Be6 40.Ra4 Bd7  1/2-1/2

[Event "Biel op"]
[Site "Biel"]
[Date "1993.??.??"]
[Round "7"]
[White "Arbakov, Valentin"]
[Black "Raetsky, Alexander"]
[Result "1/2-1/2"]
[WhiteElo "2460"]
[BlackElo "2405"]

1.c4 e5 2.g3 c6 3.d4 exd4 4.Qxd4 d5 5.cxd5 cxd5 6.Bg2 Nf6 7.Nf3 Nc6 8.Qa4 Bc5
9.O-O O-O 10.Qc2 Bb6 11.Nc3 d4 12.Na4 Be6 13.b3 Qe7 14.Bb2 Rfd8 15.Rad1 Rac8
16.Nxb6 axb6 17.Qb1 Bd5 18.Nxd4 Bxg2 19.Kxg2 Nxd4 20.Bxd4 Qxe2 21.Bxb6 Rxd1
22.Rxd1 h5 23.Qf5 Re8 24.Rd8 Rxd8 25.Bxd8 Ng4 26.Qf3 Qxa2 27.h3 Ne5 28.Qxb7 Nd3
29.Qb6 Qe2 30.Qe3 Ne1+ 31.Kg1 Nf3+ 32.Kg2 Ne1+ 33.Kg1 Nf3+ 34.Kg2  1/2-1/2

[Event "Biel op"]
[Site "Biel"]
[Date "1993.??.??"]
[Round "8"]
[White "Ragozin, Evgeni"]
[Black "Pfrommer, Christoph"]
[Result "1-0"]
[WhiteElo "2495"]
[BlackElo "2325"]

1.c4 e5 2.g3 c6 3.d4 exd4 4.Qxd4 d5 5.cxd5 cxd5 6.Nf3 Nc6 7.Qa4 Nf6 8.Bg2 Bc5
9.O-O O-O 10.Bg5 h6 11.Bxf6 Qxf6 12.Nc3 Be6 13.e3 Rfd8 14.Rfd1 Bb6 15.Qb5 d4
16.exd4 Nxd4 17.Nxd4 Rxd4 18.Ne4 Qe7 19.Rxd4 Bxd4 20.Nc3 Rc8 21.Qd3 Bxc3
22.bxc3 b6 23.Qd2 Qg5 24.Qe1 Qc5 25.Bb7 Rc7 26.Rd1 Qe7 27.Be4 Rd7 28.Ra1 Bd5
29.Bf5 Qxe1+ 30.Rxe1 Rd8 31.Rd1 g6 32.Be4 Bxe4 33.Rxd8+ Kg7 34.Rd7 a5 35.Rd6 b5
36.Kf1 b4 37.cxb4 axb4 38.Rd4 Bb1  1-0

[Event "Biel op"]
[Site "Biel"]
[Date "1993.??.??"]
[Round "10"]
[White "Piven, Igor"]
[Black "Cebalo, Miso"]
[Result "1/2-1/2"]
[WhiteElo "2345"]
[BlackElo "2510"]

1.c4 e5 2.g3 Nf6 3.Bg2 d5 4.cxd5 Nxd5 5.Nc3 Nb6 6.Nf3 Nc6 7.O-O Be7 8.d3 O-O
9.Be3 Bg4 10.Rc1 Kh8 11.Na4 e4 12.Nxb6 axb6 13.dxe4 Qxd1 14.Rfxd1 Rxa2 15.Nd4 Rxb2
16.Nxc6 bxc6 17.Rxc6 Bxe2 18.Rdc1 Bd6 19.Bd4 Rb5 20.Re1 Bd3 21.e5 Bc5 22.Bxc5 Rxc5
23.Rxc5 bxc5 24.Rc1 c4 25.Bd5 c6 26.Bxc4 Bxc4 27.Rxc4 Rc8 28.f4 g6 29.Kf2 Kg7
30.Ke3 f6 31.Kd4 Kf7 32.Kc5 fxe5 33.fxe5 Ke6 34.Re4 h5 35.g4 hxg4 36.Rxg4 Kf5
37.Rg2 Re8 38.Rf2+ Ke6 39.Rf6+ Kxe5 40.Rxg6  1/2-1/2

[Event "Bled op"]
[Site "Bled"]
[Date "1993.??.??"]
[Round "?"]
[White "Sher, Miron N"]
[Black "Riegler, Primoz"]
[Result "1/2-1/2"]
[WhiteElo "2500"]
[BlackElo "2235"]

1.c4 e5 2.g3 Nc6 3.Bg2 g6 4.Nc3 Bg7 5.d3 f5 6.e4 d6 7.exf5 Bxf5 8.Nge2 Nge7
9.O-O O-O 10.h3 Qd7 11.Kh2 Rae8 12.Be3 Be6 13.Ne4 h6 14.b4 g5 15.b5 Nd4 16.Bxd4 exd4
17.a4 b6 18.Qd2 d5 19.cxd5 Bxd5 20.f4 Nf5 21.fxg5 Ne3 22.Rxf8+ Rxf8 23.Nf4 Bxe4
24.Bxe4 hxg5 25.Qa2+ Qf7 26.Ne6 Qf2+ 27.Qxf2 Rxf2+ 28.Kg1 Rb2 29.Nxg5 Be5
30.g4 Bf4 31.Nf3 Nc2 32.Ra2 Rb1+ 33.Kf2 Nb4 34.Re2 Be3+ 35.Kg3 Ra1 36.Ne5 Rxa4
37.Nc4 Bh6 38.h4 a6 39.g5 Bf8 40.bxa6 b5 41.Nd2 Rxa6 42.Nf3 c5 43.Kg4 Rd6
44.Rb2 Rd8 45.Ne5 c4 46.dxc4 d3 47.cxb5 d2 48.Bf3 d1=Q 49.Bxd1 Rxd1 50.Nc6 Nxc6
51.bxc6 Rc1 52.Rb6 Rc5 53.Kh5 Rc4 54.Ra6 Kf7 55.Ra7+ Ke6 56.Ra8 Be7 57.Rh8 Bd6
58.Kg6 Rxc6 59.h5 Be7 60.Rg8 Rc5 61.Kh6 Bxg5+  1/2-1/2

[Event "Mikrometal Cup"]
[Site "Budapest"]
[Date "1993.??.??"]
[Round "?"]
[White "Mate, Laszlo"]
[Black "Forgacs, Jozsef"]
[Result "1-0"]
[WhiteElo "2285"]
[BlackElo "2330"]

1.c4 e5 2.g3 g6 3.Bg2 Bg7 4.e3 d6 5.d4 Nd7 6.Ne2 Nh6 7.O-O O-O 8.b3 f6 9.dxe5 fxe5
10.e4 Nc5 11.h3 Nf7 12.Be3 Ne6 13.Qd2 Neg5 14.h4 Nh3+ 15.Kh2 Nf4 16.Nbc3 Nxg2
17.Kxg2 b6 18.f3 Qd7 19.Rh1 h5 20.Rad1 Bb7 21.b4 Rad8 22.c5 Qe6 23.cxb6 axb6
24.b5 Ra8 25.a4 Nd8 26.Ra1 Qf7 27.Rhf1 Ne6 28.Ra3 Kh7 29.Ng1 Nd4 30.Nh3 Kh8
31.Qd3 c5 32.bxc6 Bxc6 33.Ng5 Qd7 34.Rb1 Bf6 35.Bxd4 exd4 36.Ne2 Bxa4 37.Nf4 Bc2
38.Rxa8 Bxd3 39.Rxf8+ Kg7 40.Nfe6+ Kh6 41.Rxf6 Qc8 42.Rf7  1-0

[Event "Budapest FS09 IM-B"]
[Site "Budapest"]
[Date "1993.??.??"]
[Round "?"]
[White "Blum, Gernot"]
[Black "Navarovszky, Laszlo"]
[Result "1/2-1/2"]
[WhiteElo "2245"]
[BlackElo "2320"]

1.c4 e5 2.g3 f5 3.Bg2 Be7 4.Nc3 Nf6 5.Nf3 d6 6.O-O O-O 7.d3 c6 8.c5 Na6 9.cxd6 Bxd6
10.a3 Qe8 11.b4 Nc7 12.Qc2 Qh5 13.Bg5 Be6 14.Bxf6 Rxf6 15.a4 Nd5 16.b5 Rc8
17.Qb2 e4 18.dxe4 Nxc3 19.Qxc3 fxe4 20.Nd4 Be5 21.bxc6 bxc6 22.Qc5 Rh6 23.h4 Bd5
24.Rad1 Rf8 25.Nc2 Qxe2 26.Ne3 Bd6 27.Qd4 Rhf6 28.Nxd5 cxd5 29.Qxd5+ Kh8
30.Rd2 Qg4 31.Qxe4 Qxe4 32.Bxe4  1/2-1/2

[Event "Budapest FS07 GM"]
[Site "Budapest"]
[Date "1993.??.??"]
[Round "1"]
[White "Csom, Istvan"]
[Black "Lengyel, Bela"]
[Result "1-0"]
[WhiteElo "2475"]
[BlackElo "2420"]

1.c4 e5 2.g3 Nf6 3.Bg2 d5 4.cxd5 Nxd5 5.Nc3 Nb6 6.Nf3 Nc6 7.O-O Be7 8.a4 a5
9.d3 O-O 10.Be3 f5 11.Rc1 Be6 12.Nb5 Bf6 13.Bxb6 cxb6 14.Nd2 Be7 15.Nc4 Bc5
16.Nxe5 Nxe5 17.d4 Rf7 18.dxc5 Rd7 19.Qe1 Rb8 20.cxb6 Nc4 21.Qc3 Nd2 22.Nc7 Bf7
23.Rfe1 Qe7 24.Rc2 Rbd8 25.Bxb7 Nb3 26.Bd5 Rxd5 27.Qxb3 Rd1 28.Qc3 Qf6 29.Rc1 Rxe1+
30.Rxe1 Qxb6 31.Nb5 f4 32.Qe5 fxg3 33.hxg3 Qh6 34.Qf4  1-0

[Event "Spring op"]
[Site "Budapest"]
[Date "1993.??.??"]
[Round "2"]
[White "Ruck, Robert"]
[Black "Buchenau, Frank"]
[Result "1-0"]
[WhiteElo "2360"]
[BlackElo "2240"]

1.c4 e5 2.g3 f5 3.d4 d6 4.Nc3 Be7 5.Bg2 Nf6 6.Nf3 e4 7.Ng5 h6 8.Nh3 Be6 9.Nf4 Bf7
10.h4 g6 11.b3 c6 12.d5 Ng4 13.f3 Bf6 14.Qd2 exf3 15.exf3 Qe7+ 16.Nfe2 Ne5
17.dxc6 Nbxc6 18.Ba3 Bxc4 19.O-O Bxe2 20.Nxe2 Nf7 21.Rae1 O-O-O 22.Nf4 Qd7
23.Nd5 Bd4+ 24.Kh1 g5 25.Rc1 Kb8 26.f4 gxh4 27.Rxc6 bxc6 28.Qxd4 hxg3 29.Nb4 d5
30.Rc1 Rc8 31.Qf6 Kb7 32.Rxc6 Rxc6 33.Nxc6 Rc8 34.Ne7 Ka8 35.Qxf7 Rd8 36.Bxd5+ Kb8
37.Nc6+ Kc8 38.Be6  1-0

[Event "Budapest FS08 GM"]
[Site "Budapest"]
[Date "1993.??.??"]
[Round "2"]
[White "Ruck, Robert"]
[Black "Fogarasi, Tibor"]
[Result "1/2-1/2"]
[WhiteElo "2415"]
[BlackElo "2440"]

1.c4 e5 2.g3 Nf6 3.Bg2 d5 4.cxd5 Nxd5 5.Nc3 Nb6 6.Nf3 Nc6 7.O-O Be7 8.a3 O-O
9.b4 Re8 10.Bb2 Bf8 11.d3 a5 12.b5 Nd4 13.Nd2 c6 14.bxc6 Nxc6 15.Na4 Nxa4
16.Qxa4 Bd7 17.Qd1 a4 18.Rc1 Ra5 19.Rc4 Qa8 20.Qa1 Be6 21.Rc2 Bd5 22.Bxd5 Rxd5
23.Rfc1 Nd4 24.Bxd4 exd4 25.Nf3 Qd8 26.Nxd4 Bxa3 27.Ne6 fxe6 28.Qxa3 b5 29.Rc7 Qf6
30.R1c2 Rf8 31.e3 Qg6 32.e4 Rdd8 33.Rb7 Qh5 34.Rcc7 Qd1+ 35.Kg2 Qf3+ 36.Kh3 Qh5+
37.Kg2 Qf3+  1/2-1/2

[Event "Budapest Statistika"]
[Site "Budapest"]
[Date "1993.??.??"]
[Round "5"]
[White "Kraschl, Joerg"]
[Black "Anka, Emil"]
[Result "0-1"]
[WhiteElo "2225"]
[BlackElo "2395"]

1.g3 e5 2.c4 Nc6 3.Bg2 g6 4.Nc3 Bg7 5.e4 d6 6.d3 Nge7 7.Nge2 O-O 8.O-O Be6
9.h3 Qd7 10.Kh2 f5 11.Nd5 Rf7 12.f4 Raf8 13.Be3 Nc8 14.exf5 gxf5 15.d4 exd4
16.Nxd4 Nxd4 17.Bxd4 c6 18.Re1 b5 19.Bxg7 Rxg7 20.cxb5 Bxd5 21.Bxd5+ cxd5
22.Qxd5+ Qf7 23.Qd4 Qf6 24.Qxf6 Rxf6 25.a4 d5 26.Rad1 Rd7 27.Rd4 Kf7 28.Rc1 Ne7
29.a5  0-1

[Event "Spring op"]
[Site "Budapest"]
[Date "1993.??.??"]
[Round "6"]
[White "Ruck, Robert"]
[Black "Lochte, Thomas"]
[Result "1-0"]
[WhiteElo "2360"]
[BlackElo "2260"]

1.c4 e5 2.g3 Nf6 3.Bg2 c6 4.Nf3 e4 5.Nd4 d5 6.cxd5 Qxd5 7.Nc2 Qh5 8.h3 Bc5
9.d3 exd3 10.Qxd3 O-O 11.Nc3 Nbd7 12.e4 Ne5 13.Qe2 Qxe2+ 14.Kxe2 Be6 15.b3 Rad8
16.Na4 Be7 17.Be3 c5 18.f4 Nd3 19.Rhd1 c4 20.Nd4 Bd7 21.bxc4 Nxf4+ 22.gxf4 Bxa4
23.Rd2 Bb4 24.Rd3 Nd7 25.Rb1 a5 26.a3 Bd6 27.e5 Bb8 28.Bxb7 Nc5 29.Rd2 g5
30.Bd5 gxf4 31.Bxf4 Rfe8 32.Rg1+ Kh8 33.Nf3 f6 34.Bf7 Rxd2+ 35.Kxd2 Rf8 36.Bd5 fxe5
37.Bh6 Nb3+ 38.Ke1  1-0

[Event "Budapest FS07 GM"]
[Site "Budapest"]
[Date "1993.??.??"]
[Round "7"]
[White "Zifroni, Dov"]
[Black "Vescovi, Giovanni"]
[Result "1/2-1/2"]
[WhiteElo "2415"]
[BlackElo "2340"]

1.c4 e5 2.g3 Nc6 3.Bg2 g6 4.Nc3 Bg7 5.e3 Nge7 6.Nge2 d6 7.O-O h5 8.d4 h4
9.d5 Nb8 10.e4 Nd7 11.b4 a5 12.bxa5 Rxa5 13.a4 hxg3 14.fxg3 Bh6 15.Nb5 Bxc1
16.Nxc1 Nc5 17.Nb3 Nxb3 18.Qxb3 b6 19.Rf2 Bd7 20.Qe3 Ng8 21.Qf3 Nh6 22.h3 O-O
23.g4 Bxb5 24.cxb5 g5 25.Bf1 f6 26.Be2 Kg7 27.Bd1 Nf7 28.Rc1 Nh8 29.Rc4 Ng6
30.Rfc2 Rf7 31.Be2 Nf4 32.Bf1 Kg6 33.R2c3 Rh7 34.Qd1 Ra7 35.Qc2 Rf7 36.Kf2 Rh7
37.Ke1 Rf7 38.Kd1 Rh7  1/2-1/2

[Event "Spring op"]
[Site "Budapest"]
[Date "1993.??.??"]
[Round "8"]
[White "Ruck, Robert"]
[Black "Kuntz, Pierre"]
[Result "1-0"]
[WhiteElo "2360"]
[BlackElo "2215"]

1.c4 e5 2.g3 g6 3.Bg2 Bg7 4.Nc3 Ne7 5.e3 c6 6.Nge2 O-O 7.d4 exd4 8.Nxd4 d5
9.cxd5 Nxd5 10.Nxd5 cxd5 11.Bd2 Nc6 12.Bc3 Nxd4 13.Bxd4 Qa5+ 14.Qd2 Qxd2+
15.Kxd2 Bxd4 16.exd4 Be6 17.Rac1 Rac8 18.h4 h5 19.Rhe1 Rfd8 20.b3 Kf8 21.Ke3 Ke7
22.Kf4 Rxc1 23.Rxc1 f6 24.Bf1 Kd6 25.Bd3 Rg8 26.Ke3 Bd7 27.Kd2 Be6 28.a3 Bd7
29.Be2 Rc8 30.Rxc8 Bxc8 31.Ke3 Ke7 32.Kf4 Be6 33.b4 Bf7 34.Bb5 Be6 35.Bd3 Bf7
36.Bb5 Be6 37.Be2 Bf7 38.Bd3 Be8 39.Bc2 Bf7 40.Bd3 Be8 41.Be2 Bf7 42.Bb5 Be6
43.Bf1 Bf7 44.Bh3 Kd6 45.Bg2 Ke6 46.Bf3 Kd6 47.Bd1 Ke6 48.Bc2 Be8 49.g4 hxg4
50.Kxg4 Ke7 51.f4 Bd7+ 52.f5 b6 53.Kf4 gxf5 54.Bxf5 Ba4 55.h5 Kf7 56.Bg4 Kg7
57.Bf3 Bc6 58.Bg2 a5 59.Bf3 Kf7 60.Bg4 axb4 61.axb4 Ba4 62.Bf3 Bc6 63.Be2 Kg7
64.Bd3 Be8 65.Be2 Bc6 66.Bf3 Kf7 67.h6 Kg6 68.h7 Kxh7 69.Kf5 Kg7 70.Ke6 Kg6
71.Bxd5 Be8 72.Be4+ Kg5 73.d5 Kf4 74.Bd3 Ke3 75.Ke7 Bh5 76.d6 Bg4 77.Bc4 Bc8
78.Be6  1-0

[Event "Spring op"]
[Site "Budapest"]
[Date "1993.??.??"]
[Round "8"]
[White "Videki, Sandor"]
[Black "Wichmann, Cliff"]
[Result "1-0"]
[WhiteElo "2415"]
[BlackElo "2240"]

1.c4 e5 2.g3 Nc6 3.Bg2 g6 4.Nc3 Bg7 5.Rb1 a5 6.a3 f5 7.d3 Nf6 8.e3 O-O 9.Nge2 Qe7
10.O-O d6 11.b4 axb4 12.axb4 Be6 13.Nd5 Qf7 14.Nec3 Nd8 15.b5 Nxd5 16.Nxd5 c6
17.Nb6 Ra7 18.Qb3 Qc7 19.Na4 cxb5 20.Qxb5 e4 21.Nb6 exd3 22.Rd1 Nc6 23.Bd5 Bxd5
24.Qxd5+ Kh8 25.Qxd3 Ra6 26.Qxd6 Qxd6 27.Rxd6 Ra2 28.Kg2 g5 29.Nd5 Rc2 30.Ba3 Ne5
31.Rxb7 Ng4 32.Rdd7 Rxf2+ 33.Kg1 Ra8 34.h3  1-0

[Event "Budapest FS11 GM"]
[Site "Budapest"]
[Date "1993.??.??"]
[Round "10"]
[White "Nemeth, Zoltan"]
[Black "Anic, Darko"]
[Result "1/2-1/2"]
[WhiteElo "2415"]
[BlackElo "2440"]

1.g3 e5 2.c4 Nf6 3.Bg2 Nc6 4.Nc3 Bb4 5.e3 Bxc3 6.bxc3 O-O 7.e4 d6 8.d3 a6
9.Ne2 b5 10.cxb5 axb5 11.a4 Bd7 12.Bg5 bxa4 13.Rxa4 Rxa4 14.Qxa4 h6 15.Bxf6 Qxf6
16.O-O  1/2-1/2

[Event "Wch U20 Girls"]
[Site "Buenos Aires"]
[Date "1993.??.??"]
[Round "?"]
[White "Gaponenko, Inna"]
[Black "Fruteau, Sabine"]
[Result "1-0"]
[WhiteElo "2290"]
[BlackElo "2185"]

1.c4 e5 2.g3 Nf6 3.Bg2 Nc6 4.e4 g6 5.Ne2 Bg7 6.Nbc3 d6 7.O-O Be6 8.d3 Qd7
9.f4 O-O 10.Rb1 Bg4 11.Be3 Nd4 12.Kh1 Nh5 13.Qd2 c6 14.Bg1 f5 15.Nxd4 exd4
16.Ne2 c5 17.b4 Rae8 18.bxc5 dxc5 19.e5 b6 20.Bd5+ Kh8 21.Nxd4 cxd4 22.Qg2 Rxe5
23.fxe5 f4 24.Bxd4 Bh3 25.Qf3 Bxf1 26.Rxf1 Qh3 27.Kg1 fxg3 28.Qxf8+ Bxf8
29.Rxf8+ Kg7 30.Rg8+ Kh6 31.Be3+ Nf4 32.Bxf4+ Kh5 33.Bf3+ Kh4 34.hxg3+  1-0

[Event "Calcutta op"]
[Site "Calcutta"]
[Date "1993.??.??"]
[Round "1"]
[White "Kirov, Nino"]
[Black "Meetei, AB."]
[Result "1/2-1/2"]
[WhiteElo "2505"]
[BlackElo "2255"]

1.c4 e5 2.g3 Nf6 3.Bg2 Nc6 4.Nc3 Bb4 5.Nd5 Bc5 6.e3 O-O 7.Ne2 Re8 8.O-O Bf8
9.d3 d6 10.Bd2 Nb8 11.e4 Nbd7 12.h3 c6 13.Ne3 a5 14.Qc2 Nc5 15.b3 Be6 16.f4 Bc8
17.g4 b5 18.Rf2 Bb7 19.Raf1 bxc4 20.bxc4 Ne6 21.Kh1 Rb8 22.Bc3 Qc7 23.f5 Nc5
24.g5 Nfd7 25.Ng3 d5 26.exd5 e4 27.Nxe4 cxd5 28.Nxd5 Bxd5 29.cxd5 Nxe4 30.dxe4 Rbc8
31.Rc1 Qg3 32.Rf3 Qxg5  1/2-1/2

[Event "Cappelle op"]
[Site "Cappelle la Grande"]
[Date "1993.??.??"]
[Round "8"]
[White "Kallai, Gabor"]
[Black "Jasnikowski, Zbigniew"]
[Result "1-0"]
[WhiteElo "2450"]
[BlackElo "2460"]

1.c4 e5 2.g3 Nc6 3.Bg2 g6 4.Nc3 Bg7 5.d3 Nge7 6.e3 d6 7.Nge2 O-O 8.O-O f5
9.Rb1 a5 10.f4 Be6 11.Nd5 Bf7 12.Nec3 Nxd5 13.Nxd5 Ra7 14.b3 Nb8 15.e4 c6
16.Ne3 Be6 17.exf5 gxf5 18.Bh3 b6 19.fxe5 Raf7 20.exd6 Bd4 21.Kg2 Qxd6 22.Bxf5 Bxf5
23.Nxf5 Rxf5 24.Rxf5 Rxf5 25.Qg4+ Qg6 26.Qxd4 c5 27.Qd8+ Rf8 28.Qd5+ Qf7
29.Bf4 Qxd5+ 30.cxd5 Nd7 31.d4 Nf6 32.dxc5 Nxd5 33.cxb6 Nxf4+ 34.gxf4 Rxf4
35.Rc1 Rb4 36.Rc6 a4 37.Rc5  1-0

[Event "Cappelle op"]
[Site "Cappelle la Grande"]
[Date "1993.??.??"]
[Round "9"]
[White "Fauland, Alexander"]
[Black "Gdanski, Jacek"]
[Result "0-1"]
[WhiteElo "2420"]
[BlackElo "2480"]

1.c4 e5 2.g3 Nc6 3.Bg2 f5 4.Nc3 Nf6 5.d3 Bb4 6.Bd2 O-O 7.Nh3 d6 8.f4 Kh8
9.a3 Bxc3 10.Bxc3 Qe7 11.Qd2 Nd4 12.Rd1 Ng4 13.b4 Ne3 14.Kf2 Ng4+ 15.Kf1 c5
16.Rb1 Bd7 17.Rb2 Bc6 18.Bxc6 bxc6 19.e3 Nf3 20.Qe2 e4 21.Kg2 d5 22.dxe4 fxe4
23.Rd1 Nxe3+ 24.Qxe3 d4 25.Qc1 dxc3 26.Qxc3 Rad8 27.Rxd8 Rxd8 28.Nf2 h6 29.Re2 Rd4
30.bxc5 Qe6 31.Qc2 Rxc4 32.Rxe4 Ne1+ 33.Rxe1 Qd5+ 34.Qe4 Rxe4 35.Nxe4 Qa2+
36.Kf3 Qxa3+ 37.Re3 Qa2 38.h4 a5 39.h5 Qd5 40.g4 a4 41.g5 Qd1+ 42.Kg3 Qg1+
43.Kf3 Qd1+ 44.Kg3 Qxh5 45.Rd3 Qe2 46.Rd8+ Kh7  0-1